[Event "zonal 2.3 (w)"]
[Site "San Salvador ESA"]
[Date "2009.07.13"]
[Round "4.7"]
[White "Esquivel De Leon, Aurora"]
[Black "Panesso, Lina"]
[Result "1-0"]
[WhiteElo "2008"]
[BlackElo "1936"]
[EventDate "2009.07.11"]
[PlyCount "121"]

1.Nf3 d5 2.b3 c6 3.Bb2 Nf6 4.c4 Bf5 5.d3 e6 6.g3 Nbd7 7.Bg2 h6 8.O-O Be7 
9.Nbd2 O-O 10.Qc2 a5 11.a3 Re8 12.Bc3 Bf8 13.Qb2 Qc7 14.Ne5 Bh7 15.Nxd7 
Nxd7 16.b4 axb4 17.axb4 Nb6 18.Be5 Qe7 19.c5 Nd7 20.Bd6 Qf6 21.Qxf6 Nxf6 
22.Bxf8 Kxf8 23.Nb3 e5 24.Ra5 e4 25.dxe4 Bxe4 26.Bxe4 Nxe4 27.Rfa1 Rxa5 
28.Rxa5 Nc3 29.e3 Nb5 30.Nd2 f6 31.Kg2 Kf7 32.Ra2 g6 33.Rb2 h5 34.h4 Re7 
35.Nb3 Re4 36.Na5 Re7 37.Rb3 Ke8 38.f3 Kd8 39.Kf2 Kc7 40.Rd3 Re6 41.Nb3 
Re8 42.Nd4 Nxd4 43.Rxd4 Re6 44.e4 dxe4 45.fxe4 Kc8 46.Kf3 Kc7 47.Kf4 b6 
48.cxb6+ Kxb6 49.Rd8 g5+ 50.hxg5 fxg5+ 51.Kf5 Re7 52.e5 h4 53.gxh4 gxh4 
54.Kf6 Rh7 55.e6 h3 56.e7 h2 57.Rd1 Rh8 58.Kg7 Re8 59.Kf7 Rh8 60.e8=Q Rxe8
61.Kxe8 1-0

[Event "zonal 2.3 (w)"]
[Site "San Salvador ESA"]
[Date "2009.07.14"]
[Round "5.1"]
[White "Heredia Serrano, Carla"]
[Black "Zepeda Cortez, Lorena"]
[Result "1-0"]
[WhiteElo "2135"]
[BlackElo "2109"]
[EventDate "2009.07.11"]
[PlyCount "71"]

1.e4 c5 2.Nf3 d6 3.d4 cxd4 4.Nxd4 Nf6 5.Nc3 a6 6.Bc4 e6 7.Bb3 Be7 8.g4 h6 
9.Be3 Nc6 10.h3 Na5 11.Qd2 b5 12.f3 Qc7 13.h4 Nxb3 14.axb3 Bb7 15.O-O-O 
Nd7 16.g5 hxg5 17.hxg5 Rxh1 18.Rxh1 g6 19.Kb1 Nb6 20.Rh8+ Kd7 21.Rh7 Rf8 
22.Qf2 Nc8 23.Qh4 b4 24.Nd1 d5 25.Nf2 dxe4 26.Nxe4 Qe5 27.Qg4 Bxe4 28.fxe4
Nd6 29.Rh4 Rh8 30.Rxh8 Qxh8 31.Qe2 Qh1+ 32.Ka2 Qxe4 33.Qxa6 e5 34.Qa7+ Kd8
35.Qb8+ Kd7 36.Qa7+ 
    {Tiempo}
1-0

[Event "zonal 2.3 (w)"]
[Site "San Salvador ESA"]
[Date "2009.07.14"]
[Round "5.2"]
[White "Vigoa Apechache, Yanira"]
[Black "Mendoza Velazquez, Lorena"]
[Result "1-0"]
[WhiteElo "2250"]
[BlackElo "1973"]
[EventDate "2009.07.11"]
[PlyCount "65"]

1.e4 c5 2.Nc3 g6 3.f4 Bg7 4.Nf3 d6 5.Bc4 e6 6.O-O Ne7 7.f5 O-O 8.fxe6 fxe6
9.d3 Nbc6 10.Bg5 Na5 11.Qd2 a6 12.a3 Bd7 13.Ba2 Nac6 14.Rab1 Qc7 15.Ne2 
Rae8 16.Bh6 b5 17.Bxg7 Kxg7 18.Ng5 d5 19.Qc3+ Qe5 20.Qxe5+ Nxe5 21.Nf4 Rf6
22.exd5 exd5 23.Nxd5 Nxd5 24.Bxd5 Ng4 25.Rxf6 Nxf6 26.Bf3 Bf5 27.Kf2 h6 
28.Nh3 Bxh3 29.gxh3 Re6 30.Re1 Kf7 31.b4 cxb4 32.axb4 Ne8 33.Bd5 1-0

[Event "zonal 2.3 (w)"]
[Site "San Salvador ESA"]
[Date "2009.07.14"]
[Round "5.3"]
[White "Zepeda Cortez, Sonia"]
[Black "Arribas Robaina, Maritza"]
[Result "0-1"]
[WhiteElo "2136"]
[BlackElo "2328"]
[EventDate "2009.07.11"]
[PlyCount "78"]

1.e4 d6 2.d4 Nf6 3.Nc3 g6 4.Bg5 Bg7 5.Qd2 c6 6.f4 O-O 7.Nf3 d5 8.Bd3 dxe4 
9.Nxe4 Bg4 10.c3 Nbd7 11.O-O Qc7 12.Ne5 Bf5 13.Rae1 Nxe4 14.Bxe4 Bxe4 15.
Rxe4 f6 16.Nxd7 Qxd7 17.Bh4 e5 18.Rd1 exf4 19.Rde1 Rae8 20.Qe2 Rxe4 21.
Qxe4 g5 22.Bf2 a6 23.b3 f5 24.Qe2 Bf6 25.a4 Rf7 26.Qd3 Re7 27.Rxe7 Bxe7 
28.c4 Qe6 29.d5 Qe4 30.Qd1 g4 31.Kf1 cxd5 32.cxd5 Bd6 33.Bb6 Kf7 34.Bf2 
Ke7 35.Bb6 Kd7 36.Kg1 h5 37.Bf2 Bb4 38.Kf1 Kd6 39.Bh4 Bc5 0-1

[Event "zonal 2.3 (w)"]
[Site "San Salvador ESA"]
[Date "2009.07.14"]
[Round "5.4"]
[White "Vasquez Ramirez, Rocio"]
[Black "Munoz Solis, Carolina"]
[Result "0-1"]
[WhiteElo "2285"]
[BlackElo "2020"]
[EventDate "2009.07.11"]
[PlyCount "192"]

1.d4 d5 2.c4 c6 3.Nc3 Nf6 4.e3 a6 5.Nf3 b5 6.b3 Bg4 7.Be2 e6 8.O-O Nbd7 9.
Ne5 Bxe2 10.Qxe2 Rc8 11.Bb2 Be7 12.f4 O-O 13.c5 Ne8 14.b4 f6 15.Nd3 f5 16.
a4 Bf6 17.Ra2 Nc7 18.Rfa1 Nb8 19.Qd2 Kh8 20.axb5 cxb5 21.Ne5 Bxe5 22.dxe5 
Nc6 23.Ne2 Qd7 24.Kh1 Rf7 25.Bd4 Rff8 26.Ng1 Ra8 27.Nf3 h6 28.h3 Qf7 29.
Kg1 Kh7 30.Kf2 Rg8 31.h4 g6 32.Bc3 Rg7 33.Rh1 Qe8 34.Nd4 Qd7 35.Qe2 Rag8 
36.Raa1 h5 37.Nf3 Ra8 38.Rhd1 Kg8 39.g3 Qe7 40.Qb2 Rf7 41.Rdc1 Rff8 42.Nd4
Qd7 43.Qc2 Rf7 44.Rh1 Qe8 45.Rh2 Kh7 46.Nf3 Kh6 47.Bd2 Qd7 48.Nd4 Kg7 49.
Qd3 Rff8 50.Rhh1 Qe8 51.Ra2 Qd7 52.Rha1 Rfb8 53.Nf3 Rd8 54.Bc3 Kh6 55.Rh1 
Rf8 56.Ng5 Rad8 57.Rd1 Qe7 58.Nf3 Ra8 59.Nd4 Qd7 60.Rda1 Rfb8 61.Bd2 Kg7 
62.Ra5 Nxd4 63.Qxd4 Qc6 64.Rh1 Kh6 65.Rd1 Rd8 66.Bc1 Rd7 67.e4 Rf8 68.Be3 
Kh7 69.exf5 gxf5 70.g4 fxg4 71.Kg2 Ne8 72.Rda1 Ra7 73.Qd3+ Rf5 74.Bd4 Ng7 
75.Rxb5 Qxb5 76.Qxb5 axb5 77.Rxa7 Rxf4 78.Be3 Rxb4 79.c6 Rc4 80.Bg5 Kg6 
81.c7 Ne8 82.Bd8 Kf5 83.Rb7 Kxe5 84.Kg3 Rc3+ 85.Kg2 Ke4 86.Rxb5 Nxc7 87.
Rb7 Na6 88.Bf6 Rc2+ 89.Kg3 d4 90.Rd7 d3 91.Rd4+ Kf5 92.Rf4+ Kg6 93.Bg5 Nc5
94.Rd4 e5 95.Rd6+ Kf7 96.Rf6+ Kg7 0-1

[Event "zonal 2.3 (w)"]
[Site "San Salvador ESA"]
[Date "2009.07.14"]
[Round "5.5"]
[White "Castaneda, Ada"]
[Black "Sanchez, Ingrid"]
[Result "1-0"]
[WhiteElo "2025"]
[BlackElo "1960"]
[EventDate "2009.07.11"]
[PlyCount "59"]

1.e4 c5 2.b3 d6 3.Bb2 Nf6 4.d3 e6 5.f4 Be7 6.g3 Nc6 7.Bg2 Bd7 8.Nf3 Rc8 9.
O-O O-O 10.h3 Nh5 11.Kh2 f5 12.exf5 exf5 13.Nc3 Nf6 14.Re1 d5 15.Ng5 d4 
16.Nd5 h6 17.Nxf6+ Bxf6 18.Bd5+ Kh8 19.Nf7+ Rxf7 20.Bxf7 Ne7 21.Be6 Bxe6 
22.Rxe6 Nd5 23.Qf3 Ne3 24.Qxb7 Nxc2 25.Rc1 Nb4 26.Qf3 Qd7 27.Rce1 Nxa2 28.
Qh5 Rc6 29.Rxc6 Qxc6 30.Qg6 1-0

[Event "zonal 2.3 (w)"]
[Site "San Salvador ESA"]
[Date "2009.07.14"]
[Round "5.6"]
[White "Orozco Luz, Elena"]
[Black "Esquivel De Leon, Aurora"]
[Result "0-1"]
[WhiteElo "2118"]
[BlackElo "2008"]
[EventDate "2009.07.11"]
[PlyCount "98"]

1.e4 c5 2.Nf3 e6 3.d4 cxd4 4.Nxd4 Nc6 5.Nc3 a6 6.Be2 Qc7 7.O-O Nf6 8.Bg5 
Nxd4 9.Qxd4 Bd6 10.h3 Bh2+ 11.Kh1 Be5 12.Qd3 b5 13.f4 Bxc3 14.bxc3 Bb7 15.
Bxf6 gxf6 16.Rad1 Rg8 17.Bf3 O-O-O 18.e5 Bxf3 19.Qxf3 Qc6 20.Rd6 Qxf3 21.
Rxf3 Kc7 22.Rfd3 fxe5 23.fxe5 Rg5 24.Rxa6 Rxe5 25.a4 Kb7 26.Rdd6 Kc7 27.
Rd3 Kb7 28.Rdd6 bxa4 29.Rxa4 Rc5 30.Rh4 h5 31.c4 Kc7 32.Rd3 d5 33.Rxh5 
Rxc4 34.c3 Rd7 35.Rh6 Kd6 36.Rf6 Rdc7 37.Rff3 f5 38.Rde3 f4 39.Re2 e5 40.
Ra2 Rxc3 41.Rff2 d4 42.Rfd2 d3 43.Ra6+ Kd5 44.Ra8 Ke4 45.Rd8 Ke3 46.Ra2 
Rc1+ 47.Kh2 R7c2 48.Ra3 e4 49.Re8 f3 0-1

[Event "zonal 2.3 (w)"]
[Site "San Salvador ESA"]
[Date "2009.07.14"]
[Round "5.7"]
[White "Panesso, Lina"]
[Black "Hernandez Graterol, Zaida"]
[Result "1/2-1/2"]
[WhiteElo "1936"]
[BlackElo "2035"]
[EventDate "2009.07.11"]
[PlyCount "108"]

1.e4 c5 2.Nf3 d6 3.d4 cxd4 4.Nxd4 Nf6 5.Nc3 a6 6.Bc4 e6 7.Bb3 b5 8.O-O 
Nbd7 9.Bg5 Nc5 10.Re1 Be7 11.Nc6 Qc7 12.Nxe7 Qxe7 13.Qd4 e5 14.Qd1 Be6 15.
Bd5 Rc8 16.a3 h6 17.Bxf6 Qxf6 18.Re3 Rc7 19.Qd2 O-O 20.Rd1 Qd8 21.Rg3 Kh7 
22.Qe2 Rd7 23.Rd2 Bxd5 24.Nxd5 Ne6 25.Qh5 g6 26.Qf3 f5 27.exf5 Rxf5 28.Qg4
Qg5 29.Qd1 Qd8 30.Rf3 Nd4 31.Rxf5 Nxf5 32.Qg4 Kg7 33.Qd1 Qg5 34.Kh1 h5 35.
c3 Rf7 36.Re2 Nh4 37.Ne3 Nf5 38.Nxf5+ Rxf5 39.h3 Qf6 40.Kg1 Qe6 41.Rd2 Rf6
42.Rd5 Kf7 43.Rd2 Ke7 44.a4 Qc4 45.axb5 Qxb5 46.Qe1 Qc5 47.Qe4 Qb6 48.Qd5 
Re6 49.Qa8 e4 50.Qh8 e3 51.Qg7+ Ke8 52.Qg8+ Ke7 53.Qg7+ Ke8 54.Qg8+ Ke7 
1/2-1/2

[Event "zonal 2.3 (w)"]
[Site "San Salvador ESA"]
[Date "2009.07.14"]
[Round "6.1"]
[White "Vigoa Apechache, Yanira"]
[Black "Heredia Serrano, Carla"]
[Result "1/2-1/2"]
[WhiteElo "2250"]
[BlackElo "2135"]
[EventDate "2009.07.11"]
[PlyCount "30"]

1.e4 c6 2.d4 d5 3.Nc3 dxe4 4.Nxe4 Bf5 5.Ng3 Bg6 6.Nf3 Nd7 7.h4 h6 8.h5 Bh7
9.Bd3 Bxd3 10.Qxd3 e6 11.c4 Bb4+ 12.Bd2 Bxd2+ 13.Qxd2 Ngf6 14.O-O O-O 15.
b4 Qc7 1/2-1/2

[Event "zonal 2.3 (w)"]
[Site "San Salvador ESA"]
[Date "2009.07.14"]
[Round "6.2"]
[White "Arribas Robaina, Maritza"]
[Black "Zepeda Cortez, Lorena"]
[Result "1/2-1/2"]
[WhiteElo "2328"]
[BlackElo "2109"]
[EventDate "2009.07.11"]
[PlyCount "39"]

1.e4 c5 2.Nc3 d6 3.g3 g6 4.Bg2 Bg7 5.Nge2 Nc6 6.O-O e5 7.f4 Nge7 8.d3 O-O 
9.Nd5 Nxd5 10.exd5 Nd4 11.Nc3 b5 12.fxe5 Bxe5 13.Ne4 f5 14.Bh6 Bg7 15.Bxg7
Kxg7 16.Nd2 b4 17.Nc4 a5 18.a4 b3 19.cxb3 Rb8 20.Nd2 1/2-1/2

[Event "zonal 2.3 (w)"]
[Site "San Salvador ESA"]
[Date "2009.07.14"]
[Round "6.3"]
[White "Mendoza Velazquez, Lorena"]
[Black "Munoz Solis, Carolina"]
[Result "1-0"]
[WhiteElo "1973"]
[BlackElo "2020"]
[EventDate "2009.07.11"]
[PlyCount "101"]

1.Nf3 d5 2.g3 c6 3.Bg2 Bg4 4.O-O Nd7 5.c4 e6 6.d3 Ngf6 7.Bg5 Bxf3 8.Bxf3 
Ne5 9.Nd2 d4 10.Bf4 Nxf3+ 11.Nxf3 Bd6 12.Qd2 c5 13.Rab1 O-O 14.b4 b6 15.a4
Re8 16.Bxd6 Qxd6 17.bxc5 Qxc5 18.Rb5 Qd6 19.a5 Nd7 20.Rfb1 Rec8 21.Qf4 
Qxf4 22.gxf4 a6 23.R5b2 bxa5 24.Nxd4 Nc5 25.Nb3 Nxb3 26.Rxb3 Kf8 27.Ra3 
Rc5 28.Rba1 Ke8 29.Rxa5 Rxa5 30.Rxa5 Kd7 31.f3 Kc6 32.c5 Kd5 33.e3 Ra7 34.
Kf2 Rc7 35.d4 Ra7 36.Ra4 a5 37.Ke2 Rb7 38.Rxa5 Rb2+ 39.Kd3 Rb3+ 40.Kd2 Rb7
41.Ra2 f5 42.Kc3 Rb1 43.Ra6 Rc1+ 44.Kd3 Rd1+ 45.Kc2 Rh1 46.Kc3 Rc1+ 47.Kb4
Rb1+ 48.Ka5 Ra1+ 49.Kb6 Rh1 50.Kc7 Rxh2 51.Kd7 1-0

[Event "zonal 2.3 (w)"]
[Site "San Salvador ESA"]
[Date "2009.07.14"]
[Round "6.4"]
[White "Esquivel De Leon, Aurora"]
[Black "Castaneda, Ada"]
[Result "1/2-1/2"]
[WhiteElo "2008"]
[BlackElo "2025"]
[EventDate "2009.07.11"]
[PlyCount "64"]

1.Nf3 b6 2.g3 Bb7 3.Bg2 g6 4.c4 Bg7 5.O-O e6 6.Nc3 d6 7.d4 Ne7 8.e4 Nd7 9.
Bg5 h6 10.Be3 O-O 11.Qc2 a6 12.Rad1 Rc8 13.b3 Qe8 14.d5 e5 15.Ne1 f5 16.f4
fxe4 17.Bxe4 Nf5 18.Bxf5 Rxf5 19.Ng2 Rf8 20.f5 gxf5 21.Rxf5 Qe7 22.Nh4 Qe8
23.Rdf1 Rd8 24.Rxf8+ Nxf8 25.Nf5 Qh5 26.Ne4 Nd7 27.h3 Rf8 28.g4 Qxh3 29.
Ne7+ Kh8 30.Ng6+ Kg8 31.Ne7+ Kh8 32.Ng6+ Kg8 1/2-1/2

[Event "zonal 2.3 (w)"]
[Site "San Salvador ESA"]
[Date "2009.07.14"]
[Round "6.5"]
[White "Sanchez, Ingrid"]
[Black "Zepeda Cortez, Sonia"]
[Result "0-1"]
[WhiteElo "1960"]
[BlackElo "2136"]
[EventDate "2009.07.11"]
[PlyCount "74"]

1.e4 c5 2.Nf3 Nc6 3.c3 Nf6 4.Bd3 e6 5.Bc2 Be7 6.O-O O-O 7.d4 cxd4 8.cxd4 
Nb4 9.Nc3 Nxc2 10.Qxc2 d6 11.Bg5 h6 12.Bh4 a6 13.Rfd1 Re8 14.e5 Nd5 15.
Bxe7 Rxe7 16.Ne4 Rc7 17.Qd2 dxe5 18.dxe5 b6 19.Rac1 Rd7 20.Qe1 Bb7 21.Nfd2
Nf4 22.Nd6 Bxg2 23.N2e4 Bf3 24.Qe3 Bxd1 25.Qxf4 Bh5 26.b4 Bg6 27.a4 Bxe4 
28.Nxe4 Rd1+ 29.Kg2 Rxc1 30.Qxc1 Rc8 31.Qf4 Qd5 32.Kg3 Rc4 33.f3 Kf8 34.
Kh3 Rxb4 35.Qc1 Rc4 36.Qa3+ Kg8 37.Qe7 Rxe4 0-1

[Event "zonal 2.3 (w)"]
[Site "San Salvador ESA"]
[Date "2009.07.14"]
[Round "6.6"]
[White "Panesso, Lina"]
[Black "Vasquez Ramirez, Rocio"]
[Result "0-1"]
[WhiteElo "1936"]
[BlackElo "2285"]
[EventDate "2009.07.11"]
[PlyCount "86"]

1.e4 c5 2.Nf3 e6 3.d4 cxd4 4.Nxd4 a6 5.Nc3 b5 6.Bd3 Qb6 7.Nb3 Qc7 8.O-O 
Nf6 9.Re1 Bd6 10.h3 b4 11.Nb1 Bb7 12.c3 Nc6 13.cxb4 Nxb4 14.Nc3 Bh2+ 15.
Kh1 Be5 16.Nb1 Rc8 17.Na3 O-O 18.Re2 Qd6 19.Bc2 Nxc2 20.Qxd6 Bxd6 21.Nxc2 
Bxe4 22.Ne1 Bb4 23.Bg5 d5 24.Bd2 Bd6 25.Bc3 Nh5 26.Bd2 Rc7 27.Be3 Rfc8 28.
Bb6 Rc6 29.Be3 Nf4 30.Bxf4 Bxf4 31.f3 Bg6 32.Kg1 h5 33.g4 hxg4 34.hxg4 e5 
35.Ng2 Bg3 36.Ne1 d4 37.Rg2 Bf4 38.Nd2 Be3+ 39.Kf1 d3 40.b3 Rc1 41.Rxc1 
Rxc1 42.Nc4 Bf4 43.Nd2 Rd1 0-1

[Event "zonal 2.3 (w)"]
[Site "San Salvador ESA"]
[Date "2009.07.14"]
[Round "6.7"]
[White "Hernandez Graterol, Zaida"]
[Black "Orozco Luz, Elena"]
[Result "0-1"]
[WhiteElo "2035"]
[BlackElo "2118"]
[EventDate "2009.07.11"]
[PlyCount "78"]

1.e4 c5 2.Nf3 Nc6 3.d4 cxd4 4.Nxd4 Nf6 5.Nc3 e5 6.Ndb5 d6 7.Bg5 a6 8.Na3 
b5 9.Nd5 Be7 10.Nxe7 Qxe7 11.c3 O-O 12.Be2 h6 13.Bxf6 Qxf6 14.Nc2 Bb7 15.
Ne3 Ne7 16.f3 Rad8 17.c4 Qg5 18.Qb3 Nc6 19.cxb5 Nd4 20.Qd3 axb5 21.O-O d5 
22.exd5 Bxd5 23.Nxd5 Rxd5 24.Rfd1 Rfd8 25.Bf1 Qf4 26.Rdc1 f5 27.a4 e4 28.
fxe4 fxe4 29.Qh3 e3 30.Bxb5 Rxb5 31.axb5 Ne2+ 32.Kh1 Nxc1 33.Rxc1 e2 34.
Qb3+ Kh8 35.Rg1 Qd2 36.Qe6 Rf8 37.h3 Qxb2 38.b6 Qb5 39.Kh2 Re8 0-1